Alle Eisenbahnverkehrsunternehmen EVUs in Deutschland - Statistiken

Allgemein
  • Dieses Quiz wurde 92 mal gespielt
    90 seit der letzten Aktualisierung
  • Das Durchschnittsergebnis liegt bei 28 aus 509
Antwortstatistiken
Antwort % Korrekt
DB Regio Aktiengesellschaft
77%
DB Fernverkehr Aktiengesellschaft
70%
Dortmunder Eisenbahn GmbH
64%
Abellio Rail Mitteldeutschland GmbH
54%
SBB Schweizerische Bundesbahnen
50%
DB Cargo Aktiengesellschaft
49%
ÖBB Personenverkehr AG
49%
ODEG Ostdeutsche Eisenbahn GmbH
49%
HAM Rail Port GmbH
47%
metronom Eisenbahngesellschaft mbH
45%
Augsburger Localbahn GmbH
39%
FlixTrain GmbH
39%
FRET SNCF SAS
39%
SNCF Voyages Deutschland GmbH
39%
S-Bahn Berlin GmbH
38%
National Express Rail GmbH
36%
eurobahn GmbH & Co. KG
35%
Hamburger Rail Service GmbH & Co. KG
35%
HLB Hessenbahn GmbH
34%
NordWestBahn GmbH
34%
SWEG Südwestdeutsche Landesverkehrs-GmbH
34%
ERC.D GmbH
32%
Regionalverkehre Start Deutschland GmbH
31%
CD Cargo a.s.
28%
Arverio Bayern GmbH
27%
Mitteldeutsche Eisenbahn GmbH
27%
Transdev (Gruppe)
27%
BE Netz GmbH
26%
Bodensee-Oberschwaben-Bahn GmbH & Co. KG
26%
erixx GmbH
26%
Lammert + Reese GmbH & Co. KG
24%
TRI Train Rental GmbH
24%
Bayerische Regiobahn GmbH
23%
Die Länderbahn GmbH DLB
23%
EBS Erfurter Bahnservice Gesellschaft mit beschränkter Haftung
23%
WFL Wedler Franz Logistik GmbH & Co. KG
23%
agilis Eisenbahngesellschaft mbH & Co. KG
22%
agilis Verkehrsgesellschaft mbH & Co. KG
22%
Anschlussbahn-Servicegesellschaft Pressnitztalbahn mbH
22%
Eisenbahn-Bau- und Betriebsgesellschaft Pressnitztalbahn mbH
22%
NBE nordbahn Eisenbahngesellschaft mbH & Co. KG
22%
Railpool Lokservice GmbH & Co. KG
22%
VIAS Rail GmbH
22%
Go-Ahead Baden-Württemberg GmbH
20%
Go-Ahead Verkehrsgesellschaft Deutschland GmbH
20%
Häfen und Güterverkehr Köln AG (HGK)
20%
WLE Westfälische Landes-Eisenbahn GmbH
20%
Albtal-Verkehrs-Gesellschaft mbH
19%
Captrain Deutschland CargoWest GmbH
19%
RheinCargo GmbH & Co. KG
19%
vlexx GmbH
19%
DB RegioNetz Verkehrs GmbH
18%
Erfurter Bahn GmbH
18%
PKP Cargo S.A.
18%
WESTbahn Deutschland GmbH
18%
cantus Verkehrsgesellschaft mbH
16%
Kölner Verkehrs-Betriebe AG
16%
LEG Leipziger Eisenbahnverkehrsgesellschaft mbH
16%
Zweckverband Ringzug Schwarzwald-Baar-Heuberg
16%
Bayerische Regionaleisenbahn GmbH
15%
DeltaRail GmbH
15%
NEB Betriebsgesellschaft mbH
15%
S-Bahn Hamburg GmbH
15%
WestfalenBahn GmbH
15%
DB Bahnbau Gruppe GmbH
14%
Eisenbahnen und Verkehrsbetriebe Elbe-Weser GmbH
14%
Eisenbahngesellschaft Potsdam mbH
14%
Havelländische Eisenbahn Aktiengesellschaft
14%
RBH Logistics GmbH
14%
SBB Cargo Deutschland GmbH
14%
UBB Usedomer Bäderbahn GmbH
14%
AKN Eisenbahn GmbH
12%
ALSTOM Transportation Germany GmbH
12%
BEF Berliner Eisenbahnfreunde e.V.
12%
Deutsche Regionaleisenbahn GmbH
12%
Harzer Schmalspurbahnen GmbH
12%
MEG Märkische Eisenbahngesellschaft mit beschränkter Haftung
12%
MV Mannheimer Verkehr GmbH
12%
Rail Cargo Group
12%
Siemens Mobility GmbH
12%
TX Logistik AG
12%
Württembergische Eisenbahn-Gesellschaft mbH
12%
HANSeatische Eisenbahn GmbH
11%
ITL-Eisenbahngesellschaft mbH
11%
Kasseler Verkehrsgesellschaft AG
11%
METRANS Rail s.r.o.
11%
Norddeutsche Eisenbahn Niebüll GmbH
11%
Süd Thüringen Bahn GmbH
11%
trans regio Deutsche Regionalbahn GmbH
11%
Bayerische Oberlandbahn GmbH (BOB)
9%
BayernBahn GmbH
9%
Elektrische Bahnen der Stadt Bonn und des Rhein-Sieg-Kreises-SSB-GmbH
9%
Franz Kassecker GmbH
9%
Hector Rail GmbH
9%
RailAdventure GmbH
9%
RDC Deutschland GmbH
9%
Rurtalbahn GmbH
9%
Schwäbische-Wald-Bahn GmbH
9%
Stadtbahn Saar GmbH
9%
CFL Cargo Deutschland GmbH
8%
CFL Societe Nationale des Chemins de Fer Luxembourgeois
8%
City-Bahn Chemnitz GmbH
8%
Dampfbahn Fränkische Schweiz e.V.
8%
Eifelbahn Verkehrsgesellschaft mbH
8%
Eurailpool GmbH
8%
Jade-Weser-Bahn GmbH
8%
RegioTram Gesellschaft mbH
8%
RTB Cargo GmbH
8%
Verkehrshistorische Arbeitsgemeinschaft der Dortmunder Stadtwerke e.V. (VhAG DSW e.V.)
8%
boxXpress.de GmbH
7%
Dampfzug-Betriebs-Gemeinschaft e.V.
7%
HSL Logistik GmbH
7%
Lineas NVSA
7%
Lokomotion Gesellschaft für Schienentraktion mbH
7%
Mecklenburgische Bäderbahn Molli GmbH
7%
MM Railservice GmbH
7%
neg Süderau Betriebs GmbH
7%
Netzwerkbahn Sachsen GmbH
7%
Rhein-Neckar-Verkehr GmbH
7%
ATL Ammendorfer Transport und Logistik GmbH
5%
Bayerische Zugspitzbahn Bergbahn AG
5%
BLS Cargo AG
5%
Centralbahn GmbH
5%
C + L Consult & Logistik GmbH
5%
Freightliner DE GmbH
5%
Geiger + Schüle Bau GmbH & Co. KG
5%
Holzlogistik und Güterbahn GmbH (HLG)
5%
Laeger & Wöstenhöfer GmbH & Co. KG
5%
Mindener Kreisbahnen GmbH
5%
Museumseisenbahn Hamm e. V.
5%
Nord-Ostsee-Bahn GmbH
5%
RegioJet AT GmbH
5%
Wiener Lokalbahnen Cargo GmbH
5%
BBL Consulting GmbH
4%
BBL Logistik GmbH
4%
Bentheimer Eisenbahn AG
4%
Bremen-Thedinghauser Eisenbahn GmbH
4%
BTE BahnTouristikExpress GmbH
4%
BUDAMAR WEST GmbH
4%
dispo-Tf Rail GmbH
4%
Dresdner Verkehrsbetriebe AG
4%
Dresdner Verkehrsservicegesellschaft mbH
4%
ecco rail GmbH
4%
e.g.o.o. Eisenbahngesellschaft Ostfriesland-Oldenburg mbH
4%
Flex Bahndienstleistungen GmbH
4%
Freiberger Eisenbahngesellschaft mbH
4%
Leo Express Global a. s.
4%
LOCON Logistik & Consulting AG
4%
Nossen-Riesaer Eisenbahn-Compagnie GmbH
4%
Raildox GmbH & Co. KG
4%
Regiobahn Bitterfeld Berlin GmbH
4%
Regionalbahn Kassel GmbH
4%
Ruhrbahn Mülheim GmbH
4%
Saarbahn GmbH
4%
Schweerbau Logistik GmbH
4%
TRIANGULA Logistik GmbH
4%
Verkehrsbetriebe Peine-Salzgitter Gesellschaft mit beschränkter Haftung
4%
Vulkan-Eifel-Bahn Betriebsgesellschaft mbH
4%
Bahnlog Bahnlogistik und Service GmbH
3%
BASF Schwarzheide GmbH
3%
BASF SE
3%
BeNex GmbH
3%
Borkumer Kleinbahn- und Dampfschiffahrt GmbH
3%
Chemion Logistik GmbH
3%
Crossrail Benelux N.V.
3%
CTL Logistics GmbH
3%
DB Fahrwegdienste GmbH
3%
DGEG Bahnen & Reisen Bochum AG
3%
EVS EUREGIO-Verkehrsschienennetz GmbH
3%
Hansebahn Bremen GmbH
3%
Heavy Haul Power International GmbH
3%
H.F. Wiebe GmbH & Co. KG
3%
Hörseltalbahn GmbH
3%
IntEgro Verkehr GmbH
3%
LION Rail GmbH
3%
MEV Eisenbahn Verkehrsgesellschaft mbH
3%
POLREGIO S.A.
3%
Regiobahn Fahrbetriebsgesellschaft mit beschränkter Haftung
3%
Retrack Germany GmbH
3%
Rhenus Rail St. Ingbert GmbH
3%
Rostocker Straßenbahn AG
3%
SAB Schwäbische Alb-Bahn GmbH
3%
Schiffahrt der Inselgemeinde Langeoog (Inselbahn)
3%
SDG Sächsische Dampfeisenbahngesellschaft mbH
3%
SLG Spitzke Logistik GmbH
3%
Stauden-Verkehrs-GmbH
3%
Stock-Transport- e.K. Inh. Michael Stock
3%
SVG Schienenverkehrsgesellschaft mbH
3%
Thurbo AG
3%
Train Charter Service B.V.
3%
Verkehrsbetriebe Extertal GmbH
3%
VPS Infrastruktur GmbH
3%
VTG Maintenance Assets GmbH
3%
Willke Logistics GmbH
3%
A.D.E. Eisenbahnverkehrsunternehmen GmbH
1%
AIXrail GmbH
1%
Albert Fischer GmbH
1%
Angelner Dampfeisenbahn gGmbH
1%
ArcelorMittal Eisenhüttenstadt Transport GmbH
1%
Bahnlogistik24 GmbH
1%
Bahnoperator Polska sp. z o.o.
1%
BEHALA - Berliner Hafen- und Lagerhausgesellschaft mbH
1%
Bergbahnen im Siebengebirge AG
1%
BLG RailTec GmbH
1%
BSB Zweiwegetechnik GmbH & Co. KG
1%
BUG Vermietungsgesellschaft mbH
1%
Cargo Logistik Rail-Service GmbH
1%
Chiemsee-Schifffahrt Ludwig Feßler KG
1%
CO Schweißtechnik GmbH
1%
DAB RAIL Sp. z. o.o.
1%
D & D Eisenbahngesellschaft mbH
1%
DB Fahrzeuginstandhaltung GmbH
1%
DE Infrastruktur GmbH
1%
Delmenhorst - Harpstedter Eisenbahn GmbH
1%
Dessauer Verkehrs- und Eisenbahngesellschaft mbH
1%
Deutsche Steinkohle AG (DSK)
1%
Diepholzer Kreisbahn EVU GmbH
1%
Döllnitzbahn GmbH
1%
duisport rail GmbH
1%
EH Güterverkehr GmbH
1%
Eiffage Infra-Rail GmbH
1%
Erlebnisbahn GmbH & Co. KG
1%
ESWE Verkehrsgesellschaft mbH
1%
Fahrzeugwerk Karsdorf GmbH & Co. KG
1%
F.E.G. Friesoyther Eisenbahngesellschaft mbH
1%
GfE Gesellschaft für Eisenbahnbetrieb mbH
1%
Hafen Krefeld GmbH & Co. KG
1%
Hanse Bahn Nord GmbH
1%
InfraLeuna GmbH
1%
Infraserv Logistics GmbH
1%
InterTourex GmbH
1%
LEONHARD WEISS GmbH & Co. KG
1%
Lotos Kolej Sp.z.o.o.
1%
LTE Germany GmbH
1%
Magdeburger Hafen GmbH
1%
Märkische Dienstleistungsservice GmbH
1%
Märkische Museums-Eisenbahn e.V. (MME)
1%
MEDWAY ITALIA S.r.l.
1%
NeSA Eisenbahn- Betriebsgesellschaft Neckar-Schwarzwald-Alb mbH
1%
Niederrheinische Verkehrsbetriebe Aktiengesellschaft NIAG
1%
Nordic Rail Service GmbH
1%
Pfalzbahn Eisenbahnbetriebsgesellschaft mbH
1%
Prignitzer Eisenbahn GmbH (PEG)
1%
Railflex GmbH
1%
Rail Force One Germany GmbH
1%
Rail Power Systems GmbH
1%
Rail & Sea Traction GmbH
1%
Railsystems RP GmbH
1%
Railtrans International, a.s.
1%
Regio Infra GmbH & Co. KG
1%
Regionalverkehr Ruhr-Lippe GmbH
1%
RSBNA Erms-Neckar-Bahn Schieneninfrastruktur GmbH
1%
RSE Rhein-Sieg-Eisenbahn GmbH
1%
Salzburg AG für Energie, Verkehr u. Telekommunikation
1%
SGL - Schienen Güter Logistik GmbH
1%
SKL Schienen Komplex Logistik Magdeburg GmbH & Co. KG
1%
smart rail GmbH
1%
S-Rail GmbH
1%
Starkenberger Güterlogistik GmbH
1%
STRABAG Rail
1%
timberrail logistics GmbH
1%
TKE GmbH
1%
Touristik-Eisenbahn Lüneburger Heide GmbH
1%
twentyone GmbH
1%
U E F Eisenbahn-Verkehrsgesellschaft mit beschränkter Haftung
1%
Uwe Adam EVU GmbH
1%
Voestalpine Draht Finsterwalde GmbH
1%
Weser Ems Eisenbahn GmbH (WEE)
1%
Westerwaldbahn GmbH
1%
WHE Wanne-Herner Eisenbahn und Hafen GmbH
1%
WRS Widmer Rail Services AG
1%
Wuppertalbahn EIV gGmbH
1%
Zweckverband Brandenburgisches Museum für Klein- und Privatbahnen
1%
Zweckverband Strohgäubahn
1%
Ablachtalbahn GmbH
0%
AHG Industry GmbH & Co. KG
0%
AmE Raillogistik GmbH
0%
Angelner Eisenbahn Gesellschaft UG
0%
Anhaltinisch Brandenburgische Eisenbahn Gesellschaft mbH (ABEG)
0%
Ankum - Bersenbrücker Eisenbahn GmbH
0%
ART Altmann Rail Traction GmbH
0%
askeo rail GmbH
0%
Bahnbetriebe Blumberg GmbH & Co.KG
0%
Bahnbetrieb Gera GmbH
0%
Bahnbetriebsgesellschaft Stauden mbH
0%
Bahnhof Mooskamp gGmbH
0%
Bahn PT GmbH
0%
Bahnwelt Betriebs GmbH
0%
Bayerischer Localbahn Verein e.V.
0%
Bayernhafen GmbH & Co. KG
0%
BDG Bahnservice und Dienstleistungsgesellschaft mbH & Co. KG
0%
BDK Bahndienste Korkmaz
0%
Betriebsgesellschaft Mainschleifenbahn mbH
0%
BLP Wiebe Logistik GmbH
0%
BM Bahndienste GmbH
0%
Bocholter Eisenbahngesellschaft mbH
0%
Bolay & Moser EVU GmbH
0%
Braaker Mühle Handel- und Dienstleistungsgesellschaft mbH (BMHD)
0%
Bremer Straßenbahn AG
0%
Brohltal Eisenbahn GmbH
0%
Brohltal Schmalspureisenbahn Betriebs GmbH
0%
BSAS EisenbahnverkehrsGmbH & Co. KG
0%
CARGO Master sp. Z o.o.
0%
Cargo-Rail Gesellschaft mit beschränkter Haftung
0%
Cargo Service GmbH
0%
Certis Belchim B.V. Niederlassung Deutschland
0%
CityRail a.s.
0%
Currenta GmbH & Co. OHG
0%
Deutsche Gleisbau Material Transport GmbH
0%
Die Regionenbahn GmbH
0%
"Donnersberg - Touristik - Verband e.V. (DTV)"
0%
DPB Rail Infra Service GmbH
0%
DP Deutsche Privatbahn GmbH
0%
DUOmobile GmbH
0%
EBL GmbH EisenbahnBetriebsLeistungen
0%
EfW-Verkehrsgesellschaft mbH
0%
EHB Eisenbahn- und Hafenbetriebsgesellschaft Region Osnabrück mbH
0%
Eisenbahnfreunde Rodachtalbahn e.V. c/o Ralf Ellinger
0%
Eisenbahnfreunde Treysa e. V.
0%
eisenbahn.jetzt GmbH
0%
ELG GmbH
0%
Emons Bahntransporte GmbH
0%
Emsländische Eisenbahn GmbH
0%
Erfurter Gleisbau GmbH
0%
erixx Holstein GmbH
0%
ERS Railways BV
0%
ESG Eisenbahn Service Gesellschaft mbH
0%
ESL GmbH Eisenbahnverkehrsunternehmen
0%
EURASIAN RAILWAY CARRIER sp. Z o.o.
0%
EWN Entsorgungswerk für Nuklearanlagen GmbH
0%
Farge-Vegesacker Eisenbahngesellschaft mit beschränkter Haftung
0%
Fels Netz GmbH
0%
FKA Fahrzeugkompetenzzentrum Augsburg GmbH
0%
Flecken Bruchhausen-Vilsen
0%
FOXrail Zrt.
0%
FRACHTbahn Traktion GmbH
0%
Fränkische Museums Eisenbahn e.V. Nürnberg
0%
GBM Gleisbau Maas GmbH
0%
Gemeinde Dornum
0%
Gernsheimer Hafenbetriebs-Gesellschaft mbH
0%
Gesellschaft zur Betreibung der Waldeisenbahn Muskau mbH (WEM)
0%
GET Eisenbahn und Transport GmbH
0%
G&K Rail Transport sp. z o.o. Company
0%
GTS Rail S.p.A.
0%
Gunvor Deutschland GmbH
0%
Hafenbetriebsgesellschaft m.b.H. Hildesheim
0%
Hamburg-Köln-Express GmbH
0%
Hanseatische Infrastrukturgesellschaft mbH
0%
Hans Kaiser GmbH & Co. KG
0%
Hans Strube Gleisbau, Hochbau,Tiefbau GmbH
0%
Härtsfeldbahn Betriebs GmbH
0%
Hartung-Bau Ingenieur- Tief- und Straßenbau GmbH
0%
Haustein Eisenbahngesellschaft mbH
0%
HBC Hanseatisches Bahn Contor GmbH
0%
Helrom GmbH
0%
Hespertalbahn e.V.
0%
HESSENCOURRIER e. V.
0%
HFM Managementgesellschaft für Hafen und Markt mit beschränkter Haftung
0%
HGB -Hessische Güterbahn GmbH
0%
Historische S-Bahn e.V.
0%
H. Klostermann Baugesellschaft mbH
0%
Holsteinische Eisenbahngesellschaft für historischen Verkehr gGmbH
0%
HOYER GmbH
0%
HTS - Mobile Schienenfahrzeugtechnik GmbH
0%
ICL Ludwigshafen Service GmbH
0%
IGEBA Ingenieurgesellschaft Bahn mbH
0%
IGT Inbetriebnahmegesellschaft Transporttechnik mbH
0%
Ilmebahn GmbH
0%
Ilztalbahn GmbH
0%
Internationale Gesellschaft für Eisenbahnverkehr IGE GmbH & Co. KG
0%
IPZ GmbH
0%
ITB Industrietransportgesellschaft mbH Brandenburg EVU
0%
KAF Falkenhahn Bau AG
0%
Kahlgrund-Verkehrs-GmbH
0%
Knauf Deutsche Gipswerke KG
0%
Koleje Dolnośląskie S.A.
0%
KombiRail Europe GmbH
0%
Kommanditgesellschaft EMS-Gleisbau (GmbH & Co.)
0%
Kompetenz für Schienengebundene Verkehre GmbH
0%
Komplex Rail Vasúti Szolgáltató Korlátolt Felelősségű Társaság
0%
K-Rail GmbH
0%
Kreisbahn Mansfelder Land GmbH
0%
Kreisverkehrs- und Infrastrukturbetrieb St. Wendel
0%
KSW Kreisbahn Siegen-Wittgenstein GmbH
0%
Kübler Heavy Rail GmbH
0%
KVVH Karlsruher Versorgungs-, Verkehrs- und Hafen GmbH
0%
Landkreis Cuxhaven
0%
Lausitz Energie Bergbau AG
0%
Lausitzer Dampflok Club e.V.
0%
LGM Logistikgesellschaft mbH
0%
L & K GbR
0%
LoConnect GmbH
0%
Lokalbahn Betriebsgesellschaft mbH (LAG)
0%
Lok-Partner Betriebsgesellschaft mbH & Co. KG
0%
LTG CARGO Polska Sp. z o.o.
0%
LUTRA, Lager, Umschlag und Transport, Mittelbrandenburgische Hafengesellschaft mit beschränkter Haftung
0%
LWC Lappwaldbahn Cargo GmbH
0%
MaLoWa Bahnwerkstatt GmbH
0%
Mansfelder Bergwerksbahn e.V.
0%
Medway Belgium
0%
MHEL Müchelner Hoch-, Erd- und Leitungsbau GmbH
0%
Mittelfränkische Eisenbahnbetriebs GmbH
0%
Mittelweserbahn GmbH
0%
M Rail Mobility GmbH
0%
MSM Gruppe Inh. Niko Maedge e.K.
0%
Muldental-Eisenbahnverkehrsgesellschaft mbH (MTEG)
0%
Museumsbahn Buckower Kleinbahn e. V.
0%
Museumsbahn Schönheide e.V. (Gemeindeverwaltung Schönheide)
0%
Museums-Eisenbahn-Club Losheim (MECL)
0%
Museums-Eisenbahn-Gemeinschaft Wachtl e. V.
0%
Museums-Eisenbahn Rahden-Uchte e.V.
0%
MZ Eisenbahndienstleistungen GmbH
0%
NBS Niederlausitzer Bahnservice GmbH
0%
Neukölln-Mittenwalder Eisenbahn-Gesellschaft Aktiengesellschaft in Berlin
0%
Neuss-Düsseldorfer Häfen GmbH & Co. KG - Neusser Eisenbahn -
0%
Niederlausitzer Museumseisenbahn e.V.
0%
Niederrheinbahn GmbH
0%
Norddeutsche Naturstein Rail GmbH
0%
Nordlandrail GmbH
0%
NordOstBayerische Eisenbahndienstleistungen (NOBEG) - Kurt Reinold
0%
NORDZUCKER GmbH & Co. KG
0%
Öchsle-Bahn AG
0%
OCTOPUS RAIL GmbH
0%
Oiltanking Deutschland GmbH & Co.KG
0%
Olavion sp. z o.o.
0%
Ost-West Logistic Poland sp. z o.o.
0%
PCC Intermodal GmbH
0%
Planungs- und Entwicklungsgesellschaft Güterverkehrszentrum Emscher mbH
0%
Prefere Resins Germany GmbH
0%
Prignitzer Kleinbahnmuseum Lindenberg e.V.
0%
Prolok GmbH
0%
Rail4Captrain GmbH
0%
Rail Logistic 24 GmbH
0%
Rail STM Sp. z o.o.
0%
rail thuringia GmbH
0%
Railtraxx NV
0%
RBP-Rheinische Bahnpersonal- und Verkehrsgesellschaft mbH
0%
Regionalverkehr Münsterland GmbH
0%
Rennsteigbahn Gesellschaft mbH & Co. KG
0%
Rhein-Sieg-Verkehrsgesellschaft mbH
0%
Rhomberg Sersa Bahntechnik GmbH
0%
Road & Rail Service e.K.
0%
Rotterdam Rail Feeding B. V.
0%
RP Eisenbahn GmbH
0%
RST Rangier-Service und Transportgesellschaft mbH
0%
RTS Rail Transport Service GmbH
0%
RTW Planungsgesellschaft mbH
0%
Rund ums Gleis GmbH
0%
Saar Rail GmbH
0%
Sächsischer Museumseisenbahn Verein Windbergbahn e. V.
0%
Sächsisch-Oberlausitzer Eisenbahngesellschaft mbH (SOEG)
0%
Schwalbe Baugesellschaft mbH & Co. KG
0%
SES Aus- und Fortbildung e. K.
0%
SInON Schieneninfrastruktur Ost-Niedersachsen GmbH
0%
SPL EisenbahnVerkehr GmbH
0%
Stadt Arneburg
0%
Stadt Frankfurt (Oder), Amt für Wirtschaftsförderung und Investitionen
0%
Stadt Hohnstein
0%
Stadt Pfullendorf Regionale öffentliche Bahn
0%
Stadtverwaltung Bad Wurzach
0%
Stadtverwaltung Zülpich
0%
Stadtwerke Bonn Verkehrs-GmbH (SWBV)
0%
Stadtwerke Trossingen GmbH
0%
Stadtwerke Verkehrsgesellschaft Frankfurt am Main mbH
0%
Stadt Wittenberge
0%
Stahlwerk Thüringen GmbH
0%
Stefen GmbH & Co. KG
0%
Stiftung Museumsbahn SEHR & RS
0%
Strukton Rail Equipment B.V.
0%
SWU Verkehr GmbH
0%
TDK Plus sp. z o.o.
0%
Tegernsee-Bahn Betriebsgesellschaft mbH
0%
tenforty2-Rail GmbH
0%
Teutoburger Wald Eisenbahn GmbH
0%
TME Torsten Meincke Eisenbahn GmbH
0%
Torsten Ratke Officeconsult
0%
Tourismus und Warnetalbahn GmbH
0%
Touristenbahnen im Rheinland GmbH (TBR)
0%
Touristik Eisenbahn Ruhrgebiet GmbH (TER)
0%
Traditionsbahn Radebeul e.V.
0%
Traditionsverein Kleinbahn des Kreises Jerichow I e.V.
0%
Train4Train GmbH
0%
Trainlog GmbH
0%
Trainspeed sp. Z. o. o.
0%
TRANSCHEM Sp. z o. o.
0%
Ulrich Joh. Evers GmbH & Co Kommanditgesellschaft Gesellschaft für Landschafts- und Umweltpflege
0%
UTL Umwelt- und Transportlogistik GmbH
0%
Verden-Walsroder Eisenbahn GmbH
0%
Verein Sächsischer Eisenbahnfreunde e. V. (VSE)
0%
Verkehrsbetriebe Grafschaft Hoya GmbH
0%
Verkehrsbetriebe Kreis Plön GmbH
0%
Verkehrsgesellschaft Norderstedt mbH (VGN)
0%
VGT Vorbereitungsgesellschaft Transporttechnik mbH
0%
VLO Verkehrsgesellschaft Landkreis Osnabrück GmbH
0%
VVM Museumsbahn Betriebsgesellschaft mbH
0%
Weco Rail GmbH
0%
Wendelsteinbahn GmbH
0%
WERRA-Eisenbahnverkehrsgesellschaft mbH
0%
WestVerkehr GmbH
0%
Zakład Inżynierii Kolejowej sp. z o.o.
0%
Zörbiger Infrastrukturgesellschaft mbH (ZIG)
0%
ZossenRail Betriebsgesellschaft mbH
0%
Zug-Pilot GmbH
0%
Zuid-Limburgse Stoomtrein Maatschappij
0%
Zürcher Bau GmbH
0%
Zweckverband Fränkisches Freilandmuseum Fladungen
0%
Zweckverband Kandertalbahn
0%
Zweckverband ÖPNV im Ammertal
0%
Zweckverband Verkehrsverband Wieslauftalbahn
0%
Keine übereinstimmenden Quizze gefunden
Verteilung der Resultate
Anzahl Personen mit jedem Resultat
Perzentil nach korrekt beantworteten Fragen
Ihre Resultats-Entwicklung
Sie haben dieses Quiz seit der letzten Aktualisierung nicht gespielt